000 00416nam a22001577a 4500
005 20230118104147.0
008 170620b xxu||||| |||| 00| 0 eng d
020 _a978-81-219-1659-3
041 _aeng
100 _aSRIVASTAVA A.K. AND JAIN P. C
_93871
245 _aINSTRUMENTAL APPROACH TO CHEMICAL ANALYSIS
260 _aNEW DELHI
_bS CHAND
300 _a664
650 _aPHARMACY
_xD.PHARMA
_97090
942 _cBK
999 _c5479
_d5477